{"text_format":"3","workbook":"xlsx","n_sheets":1,"sheets":["Sheet1"],"read":"whole","date_system":"1900"}

{"sheet":"Sheet1","index":0,"n_rows":72,"n_cols":12,"rows_kept":72,"merged":[[0,0,1,11],[2,0,2,8],[2,9,2,11],[5,10,8,10],[5,11,8,11],[9,10,12,10],[9,11,12,11],[13,9,18,9],[13,10,18,10],[13,11,18,11],[19,10,47,10],[19,11,36,11],[37,11,46,11],[49,10,65,10],[49,11,65,11],[67,10,70,10],[67,11,70,11]]}
["连云港市华茂绿化工程有限公司1月份月度计划物资采购询价报价单"]
[]
["拟采购计划（申购单位填写）",{"$nulls":8},"（实际采购情况）采购单位填写"]
["序号","物品\n名称","规格\n型号","单位","数量","控制单价（元）","控制总价\n（元）","单价（含运费、增值税专票）（元）","总价（含运费、增值税专票）\n（元)","备注","单位","联系人电话"]
[null,"冲击钻电池","博世18V/2.0AH","个",1,300,{"$f":"E5*F5","v":300},{"$nulls":3},"裕达毛舒舒",18961338911]
[null,"电工胶布","四种颜色","个",80,3,{"$f":"E6*F6","v":240},null,null,"每种颜色20个","养殖","伏广波\n17768489922"]
[null,"吸顶灯芯","80W  LED","盏",4,40,{"$f":"E7*F7","v":160}]
[null,"角磨机","东城牌 锂电池","套",1,260,{"$f":"E8*F8","v":260}]
[null,"卷尺","5米","个",2,10,20]
[null,"除锈剂",null,"瓶",6,15,90,{"$nulls":3},"盐钙","于广华\n13812340612"]
[null,"砂轮片",null,"盒",1,60,60]
[null,"东成牌手电钻",null,"套",1,800,800,null,null,"配一块电池、钻头"]
[null,"黄油枪",null,"套",1,60,60,null,null,"配油嘴"]
[null,"铲刀",null,"把",2,10,{"$f":"F14*E14","v":20},{"$nulls":3},"益丰","徐明磊\n19901572122"]
[null,"防冻液",null,"瓶",2,13,{"$f":"F15*E15","v":26}]
[null,"牛皮纸袋","大","个",200,0.2,{"$f":"F16*E16","v":40}]
[null,"毛巾",null,"条",10,5,{"$f":"F17*E17","v":50}]
[null,"180盆垫",null,"个",30,1.5,{"$f":"F18*E18","v":45}]
[null,"240盆垫",null,"个",30,1.5,{"$f":"F19*E19","v":45}]
[null,"塑料扫把",null,"个",30,15,{"$f":"E20*F20","v":450},{"$nulls":3},"大浦","杨卿\n13775585522"]
[null,"高粱扫把",null,"把",30,15,450]
[null,"插座","5孔","个",30,20,600]
[null,"大扫把",null,"把",50,20,1000]
[null,"塑料簸箕",null,"个",15,15,225]
[null,"簸箕",null,"个",15,15,225]
[null,"塑料簸箕",null,"个",15,15,225]
[null,"垃圾袋","1米*1.2","个",400,0.6,240]
[null,"垃圾袋","80公分*60/50","包",200,0.3,60]
[null,"洗衣粉",null,"袋",5,10,50]
[null,"垃圾包",null,"个",15,8,120]
[null,"垃圾钳",null,"个",50,20,1000]
[null,"大扫把","不带棍","把",50,20,1000]
[null,"反光条",null,"卷",5,10,50]
[null,"自喷漆","灰色","个",6,10,60]
[null,"自喷漆","大红色","个",6,10,60]
[null,"毛巾",null,"条",5,2,10]
[null,"小刚锨",null,"个",10,15,150]
[null,"黄油",null,"桶",3,40,{"$f":"E38*F38","v":120},{"$nulls":4},"任文静\n15161342669"]
[null,"后视镜","DN50","付",3,15,45]
[null,"手动阀门",null,"个",5,15,75]
[null,"护栏车防水罩皮","1.6*1.2米","块",1,20,20]
[null,"筛网",null,"次",1,700,700]
[null,"剪刀",null,"把",8,8,64]
[null,"美工刀",null,"把",2,10,20]
[null,"刀片",null,"盒",1,10,10]
[null,"马桶塞",null,"把",3,10,30]
[null,"马桶刷子",null,"把",2,10,20]
[null,"锁",null,"个",3,30,90,{"$nulls":4},"房金鹤\n13851282408"]
[null,"防水补墙膏",null,"斤",10,6,{"$f":"SUM(E49*F49)","v":60},null,null,"水管维修",null,"尤金\n15366660107"]
[null,"海绵拖把",null,"只",2,25,50,null,null,"创智绿园公厕用","环卫","王斌\n15205136482"]
[null,"布拖把",null,"把",2,10,{"$f":"F51*E51","v":20},null,null,"创智绿园公厕用"]
[null,"洁厕剂",null,"瓶",8,5,40,null,null,"创智绿园公厕用"]
[null,"84消毒液",null,"瓶",8,5,40,null,null,"创智绿园公厕用"]
[null,"厕所用小刷子",null,"只",4,5,20,null,null,"创智绿园公厕用"]
[null,"垃圾袋",null,"卷",10,4,40,null,null,"创智绿园公厕用"]
[null,"洗衣粉",null,"袋",4,10,40,null,null,"创智绿园公厕用"]
[null,"橡胶手套","大号","副",2,5,10,null,null,"创智绿园公厕用"]
[null,"小清扫车滚盘把",null,"套",1,600,600,null,null,"242大道班清扫车用（绿鑫）"]
[null,"胎压表",null,"只",1,65,65,null,null,"铲车用"]
[null,"吹风枪",null,"只",1,25,25,null,null,"东方大道一班清扫车用"]
[null,"外胎","6.75-12","只",2,30,60,null,null,"东方大道一班和新光路班三轮垃圾车用"]
[null,"铁锨",null,"把",5,30,150,null,null,"铲雪除冰用"]
[null,"保洁三轮车后飞轮","内径3.5厘米20齿","套",1,15,15,null,null,"新海保洁班保洁三轮车用"]
[null,"内外胎","6.75-12","套",2,30,60,null,null,"242大道班组三轮垃圾车用打气用"]
[null,"气 筒",null,"把",1,30,30,null,null,"242大道班组三轮车打气用"]
[null,"洗车拖把",null,"个",1,50,50,null,null,"环卫分公司垃圾清运"]
[null,"水带","DN110/DN160","m",200,5,{"$f":"E67*F67","v":1000},{"$nulls":3},"上元","朱文江\n13655135862"]
[null,"LDE灯","60*60cm","个",6,45,{"$f":"F68*E68","v":270},null,null,"市政班组","翔立","刘金刚\n13851269436"]
[null,"尿素",null,"桶",2,50,{"$f":"F69*E69","v":100},null,null,"市政班组"]
[null,"内六角扳手",null,"套",1,35,35,null,null,"市政班组"]
[null,"螺栓松动剂",null,"瓶",10,15,150,null,null,"市政班组"]
[{"$nulls":6},{"$f":"SUM(G5:G71)","v":12315}]